| 000 | 00744nam a2200205 a 4500 | ||
|---|---|---|---|
| 003 | 0 | ||
| 005 | 20250203134047.0 | ||
| 008 | 130824s19uu xx 00 eng d | ||
| 050 |
_aPHS TX 551 _b.F363 2013 |
||
| 100 | _aFernandez, Johrycel Marianne P. | ||
| 245 |
_aEffects of storage environment in the Vitamin C content of oranges / _cJohrycel Marianne P. Fernandez. |
||
| 260 |
_aLas PiƱas City, Philippines : _bSouthville International School and Colleges, _c2013. |
||
| 300 |
_a25 p. : _bill. ; _c28 cm. |
||
| 504 | _aIncludes bibliographical references. | ||
| 650 |
_aFood storage _vEnvironmental aspects. |
||
| 650 |
_aOranges _vComposition. |
||
| 650 |
_aCitrus fruits _vStorage. |
||
| 650 |
_aVitamin C _vAnalysis. |
||
| 942 |
_2lcc _cPASS |
||
| 999 |
_c98946 _d98946 |
||